000 00381nam a2200133Ia 4500
008 220217s9999||||xx |||||||||||||| ||und||
020 _a81-8333-236-6
082 _a005.14 KOI
100 _aKoirala, Shivaprasad and Sheikh, Shaam
245 0 _aSoftware testing
260 _aBPB publications
_bNew Delhi
_c2010
300 _aXXI188p.;28cm
_b180
650 _aSOFTWARE TESTING
999 _c180633
_d180633